[Event "ICS rated blitz match"]
[Site "204.178.125.65"]
[Date "1999.11.03"]
[Round "?"]
[White "Hossa"]
[Black "Kristiansen"]
[Result "0-1"]
[WhiteElo "2439"]
[BlackElo "2165"]
[PlyCount "94"]
[EventDate "1999.??.??"]

1. e4 c5 2. Nc3 Nc6 3. g3 g6 4. Bg2 Bg7 5. d3 d6 6. Be3 e5 7. Nf3 Nge7 8. O-O
Nd4 9. Qd2 h6 10. Ne1 Be6 11. f4 Qd7 12. fxe5 dxe5 13. Nd1 c4 14. Qf2 Rc8 15.
Nc3 O-O 16. Qd2 Kh7 17. Rd1 Rfd8 18. Qf2 Qc7 19. Bxd4 exd4 20. Nd5 Bxd5 21.
exd5 Nf5 22. dxc4 Qxc4 23. b3 Qc5 24. Qd2 Ne3 25. Rxf7 Nxd1 26. Qxd1 d3+ 27.
Kh1 dxc2 28. Qc1 Rxd5 29. Bf3 Rf5 30. Nd3 Qd4 31. Rxf5 gxf5 32. Nf4 Be5 33. Ne2
Qf2 34. Ng1 Bd4 35. Bxb7 Rc7 36. Nh3 Qe3 37. Qxe3 Bxe3 38. Kg2 c1=Q 39. Nf2 Qd2
40. Kh3 Qxf2 41. Bg2 Qe2 42. Be4 fxe4 43. b4 Qf1+ 44. Kg4 Rg7+ 45. Kh4 Qg2 46.
h3 Qxg3+ 47. Kh5 47... Qg5# {Hossa checkmated} 0-1

[Event "ICS rated blitz match"]
[Site "204.178.125.65"]
[Date "1999.11.03"]
[Round "?"]
[White "brutus"]
[Black "Hossa"]
[Result "0-1"]
[WhiteElo "2207"]
[BlackElo "2417"]
[PlyCount "66"]
[EventDate "1999.??.??"]

1. e4 c5 2. Nf3 d6 3. d4 cxd4 4. Nxd4 Nf6 5. Nc3 a6 6. Be3 e6 7. Qd2 Be7 8. f3
d5 9. exd5 exd5 10. O-O-O O-O 11. Bd3 Nc6 12. Nce2 Nb4 13. Kb1 Nxd3 14. Qxd3
Re8 15. Nc3 Qd6 16. Bg5 h6 17. Bh4 Be6 18. g4 Rac8 19. Bg3 Qb4 20. h4 Rc4 21.
Nce2 Bc5 22. c3 Qb6 23. Bf4 Bd7 24. Bc1 Ba4 25. Rdg1 Nd7 26. g5 Ne5 27. Qf5 h5
28. g6 fxg6 29. Qg5 Bxd4 30. Nxd4 Rxc3 31. Nf5 Bc2+ 32. Ka1 Bxf5 33. bxc3 33...
Qb1# {brutus checkmated} 0-1

[Event "ICS rated blitz match"]
[Site "204.178.125.65"]
[Date "1999.11.03"]
[Round "?"]
[White "Hossa"]
[Black "MissSilicon"]
[Result "0-1"]
[WhiteElo "2424"]
[BlackElo "2709"]
[PlyCount "110"]
[EventDate "1999.??.??"]

1. e4 c5 2. Nf3 e6 3. d4 cxd4 4. Nxd4 Nc6 5. Nc3 a6 6. Nxc6 bxc6 7. e5 Qc7 8.
Bf4 Rb8 9. Rb1 Qa5 10. Qd4 Bc5 11. Qd2 Bb4 12. Ra1 Ne7 13. Qd4 Bc5 14. Qa4 Qb6
15. Nd1 Bxf2+ 16. Nxf2 Qxb2 17. Rd1 Rb4 18. Qa5 Rxf4 19. Bd3 Ng6 20. O-O Qxe5
21. Qa3 d5 22. Bxa6 Bxa6 23. Qxa6 O-O 24. Qa7 Rh4 25. Nh3 Nf4 26. Nxf4 Rxf4 27.
Rxf4 Qxf4 28. a4 Qc4 29. Rd2 Qb4 30. Re2 Qb1+ 31. Kf2 Qb8 32. Qxb8 Rxb8 33. Re3
Ra8 34. Ra3 Ra5 35. Kf3 e5 36. Kg4 d4 37. Kf5 g6+ 38. Kf6 e4 39. g4 e3 40. Ra1
h6 41. h4 h5 42. gxh5 Rxh5 43. Ke7 Rc5 44. Kd6 Rxc2 45. Ke7 d3 46. h5 d2 47.
hxg6 fxg6 48. Rg1 Kg7 49. Rf1 e2 50. Rf7+ Kh6 51. Kf8 d1=Q 52. Re7 e1=R 53.
Rxe1 Qxe1 54. a5 Rf2+ 55. Kg8 55... Qe8# {Hossa checkmated} 0-1

[Event "ICS rated blitz match"]
[Site "204.178.125.65"]
[Date "1999.11.03"]
[Round "?"]
[White "Hossa"]
[Black "exsacs"]
[Result "1-0"]
[WhiteElo "2427"]
[BlackElo "2230"]
[PlyCount "79"]
[EventDate "1999.??.??"]

1. d4 d5 2. c4 e6 3. cxd5 exd5 4. Nc3 c5 5. dxc5 d4 6. Ne4 Bxc5 7. Nxc5 Qa5+ 8.
Bd2 Qxc5 9. Rc1 Qf5 10. Nf3 Nc6 11. b4 Be6 12. Rc5 Qf6 13. b5 Nce7 14. Bg5 Qg6
15. Nh4 b6 16. Nxg6 hxg6 17. Rc2 Rd8 18. Rc7 Nf6 19. Rxa7 Ned5 20. Qxd4 O-O 21.
Bxf6 Nxf6 22. Qxb6 Rb8 23. Qc5 Rfc8 24. Qb4 Rc1+ 25. Kd2 Rbc8 26. Qb2 Ne4+ 27.
Ke3 Nd6 28. Kf4 R1c3 29. e4 g5+ 30. Ke5 Nc4+ 31. Bxc4 R3xc4 32. a4 R8c5+ 33.
Kd6 Rc2 34. Ra8+ Kh7 35. Qb1 g6 36. h4 g4 37. h5 gxh5 38. Rxh5+ Kg6 39. Rg8+
Kxh5 40. Qh1# {exsacs checkmated} 1-0

[Event "ICS rated blitz match"]
[Site "204.178.125.65"]
[Date "1999.11.03"]
[Round "?"]
[White "Hossa"]
[Black "PostModernist"]
[Result "0-1"]
[WhiteElo "2435"]
[BlackElo "2588"]
[PlyCount "55"]
[EventDate "1999.??.??"]

1. d4 Nf6 2. c4 e6 3. Nf3 d5 4. cxd5 exd5 5. Nc3 Bb4 6. Bg5 Nbd7 7. e3 c5 8.
Bb5 Qa5 9. Bxf6 Qxb5 10. Bxg7 Rg8 11. Bh6 Qc6 12. Bf4 Rxg2 13. Nh4 Rg8 14. Nf5
Ne5 15. Ne7 Kxe7 16. Bxe5 Bg4 17. f3 Bh3 18. dxc5 Bxc3+ 19. Bxc3 Bg2 20. Kf2
Bxh1 21. Qxh1 Qxc5 22. Rc1 Qb5 23. Qd1 Rg6 24. Qd4 Rag8 25. e4 Rg2+ 26. Ke3
Qe2+ 27. Kf4 R8g4+ 28. Ke5 {Hossa resigns} 0-1

[Event "ICS rated blitz match"]
[Site "204.178.125.65"]
[Date "1999.11.03"]
[Round "?"]
[White "PostModernist"]
[Black "Hossa"]
[Result "0-1"]
[WhiteElo "2597"]
[BlackElo "2426"]
[PlyCount "174"]
[EventDate "1999.??.??"]

1. e4 c5 2. Nf3 e6 3. d4 cxd4 4. Nxd4 Nc6 5. Nc3 a6 6. Nxc6 bxc6 7. Bd3 d5 8.
O-O Bd6 9. Re1 Ne7 10. exd5 cxd5 11. Qh5 Rb8 12. Rb1 Qc7 13. Bg5 h6 14. Kh1 O-O
15. Bd2 e5 16. Kg1 f6 17. a3 Qc6 18. b4 Bb7 19. b5 axb5 20. Nxb5 Bc5 21. c4 d4
22. Qg4 f5 23. Qg3 e4 24. Bf4 Rbd8 25. Bc2 d3 26. Bb3 Qf6 27. Red1 Nc6 28. Rd2
Rd7 29. a4 Rc8 30. Rdb2 Nd4 31. Be5 Qg5 32. Qxg5 hxg5 33. Bxd4 Bxd4 34. c5+ Kf8
35. Nxd4 Rxd4 36. Be6 Rc7 37. Bxf5 Rxa4 38. Be6 Bc6 39. g3 Ke7 40. Bg8 Rca7 41.
Re1 R7a5 42. Bb3 Ra1 43. Kf1 Rxe1+ 44. Kxe1 Rxc5 45. Ra2 Rc1+ 46. Kd2 Rf1 47.
Ke3 Kd6 48. h3 Re1+ 49. Kd2 Re2+ 50. Kd1 Rxa2 51. Bxa2 Bd7 52. g4 Ke5 53. Kd2
Kf4 54. Bd5 Kf3 55. Ke1 Be8 56. Bb7 Bg6 57. Bd5 Kg2 58. Bc6 Kxh3 59. Bd7 Kg2
60. Be6 Kf3 61. Bd7 e3 62. fxe3 Kxe3 63. Kf1 d2 64. Ba4 Be4 65. Kg1 Bc2 66.
Bxc2 Ke2 67. Kg2 d1=Q 68. Bxd1+ Kxd1 69. Kf3 Kd2 70. Ke4 g6 71. Kf3 Kd3 72. Kf2
Ke4 73. Kg3 Ke3 74. Kg2 Kf4 75. Kh3 Kf3 76. Kh2 Kxg4 77. Kg2 Kf4 78. Kf2 g4 79.
Kg2 g3 80. Kg1 Kf3 81. Kf1 g2+ 82. Ke1 g1=Q+ 83. Kd2 Qc5 84. Kd3 g5 85. Kd2 Qc4
86. Kd1 Ke3 87. Ke1 87... Qc1# {PostModernist checkmated} 0-1

[Event "ICS rated blitz match"]
[Site "204.178.125.65"]
[Date "1999.11.03"]
[Round "?"]
[White "Hossa"]
[Black "PostModernist"]
[Result "0-1"]
[WhiteElo "2449"]
[BlackElo "2574"]
[PlyCount "73"]
[EventDate "1999.??.??"]

1. d4 Nf6 2. c4 e6 3. Nf3 Bb4+ 4. Nc3 b6 5. a3 Bxc3+ 6. bxc3 Ne4 7. Nd2 Bb7 8.
Nxe4 Bxe4 9. f3 Bb7 10. e4 Qh4+ 11. g3 Qe7 12. Bf4 d6 13. Bd3 O-O 14. O-O Nd7
15. Qd2 e5 16. Bg5 f6 17. Be3 a5 18. Qa2 Qf7 19. f4 exd4 20. cxd4 Rae8 21. Qc2
Qe7 22. e5 h6 23. Bg6 Rd8 24. Rfe1 fxe5 25. fxe5 dxe5 26. c5 Qe6 27. cxb6 cxb6
28. Rac1 Rc8 29. Qd3 Qd5 30. Be4 Qxe4 31. Qxe4 Bxe4 32. Rxc8 Rxc8 33. Bf2 Bd5
34. dxe5 Kf7 35. Bd4 Ke6 36. Kf2 Rc2+ 37. Re2 {Hossa resigns} 0-1

[Event "ICS rated blitz match"]
[Site "204.178.125.65"]
[Date "1999.11.03"]
[Round "?"]
[White "Skeletor"]
[Black "Hossa"]
[Result "1-0"]
[WhiteElo "2664"]
[BlackElo "2439"]
[PlyCount "91"]
[EventDate "1999.??.??"]

1. e4 c5 2. Nf3 e6 3. d4 cxd4 4. Nxd4 Nc6 5. Nb5 d6 6. c4 Nf6 7. N1c3 a6 8. Na3
Be7 9. Be2 O-O 10. O-O b6 11. Be3 Bb7 12. Qb3 Na5 13. Qxb6 Nxe4 14. Nxe4 Bxe4
15. Qxd8 Bxd8 16. Rad1 Bc7 17. Rfe1 Nc6 18. Bh5 Ne5 19. Bf4 f5 20. Bxe5 dxe5
21. Rd7 Bb6 22. b4 Bd4 23. Nb1 g6 24. Bf3 Bxf3 25. gxf3 Rad8 26. Rxd8 Rxd8 27.
Kg2 g5 28. a4 h5 29. b5 axb5 30. axb5 Ra8 31. Rd1 Ra4 32. Nd2 Kf7 33. h3 Ra2
34. Kf1 Rc2 35. Ke2 Kg6 36. Re1 Bxf2 37. Kxf2 Rxd2+ 38. Re2 Rd4 39. c5 Rb4 40.
b6 Kf6 41. Rc2 Ke7 42. c6 Kd8 43. c7+ Kc8 44. Rc6 f4 45. Rxe6 Rb2+ 46. Ke1 {
Hossa resigns} 1-0

[Event "ICS rated blitz match"]
[Site "204.178.125.65"]
[Date "1999.11.03"]
[Round "?"]
[White "PostModernist"]
[Black "Hossa"]
[Result "1-0"]
[WhiteElo "2586"]
[BlackElo "2432"]
[PlyCount "102"]
[EventDate "1999.??.??"]

1. d4 Nf6 2. Nf3 g6 3. g3 Bg7 4. Bg2 O-O 5. O-O d5 6. c4 dxc4 7. Na3 c5 8. Nxc4
cxd4 9. Nxd4 Ng4 10. e3 e5 11. Nb5 Qxd1 12. Rxd1 Nc6 13. Nbd6 Rd8 14. Bd2 Rb8
15. Bc3 Be6 16. Nxb7 Rxb7 17. Bxc6 Rbb8 18. Nd6 Bf8 19. Nb7 Rxd1+ 20. Rxd1 Bg7
21. a3 Bb3 22. Rd7 Be6 23. Rd8+ Rxd8 24. Nxd8 Bb3 25. Bf3 Nf6 26. Bxe5 Nd7 27.
Bxg7 Kxg7 28. Nc6 a6 29. Nd4 Nc5 30. Nxb3 Nxb3 31. Bd5 Nd2 32. b4 Nb1 33. Bc4
Nxa3 34. Bxa6 Nc2 35. b5 Nb4 36. Bb7 f5 37. b6 Kf6 38. e4 Nc2 39. Bc6 Nd4 40.
Ba4 Nf3+ 41. Kg2 Ne1+ 42. Kf1 Nf3 43. b7 fxe4 44. h4 Nd2+ 45. Ke2 Nf3 46. b8=Q
Ke6 47. Bb3+ Kd7 48. Qb7+ Kd6 49. Qxe4 Nxh4 50. Qxh4 Kc5 51. Qxh7 51... Kd6 {
Hossa resigns} 1-0

[Event "ICS Unrated blitz match"]
[Site "204.178.125.65"]
[Date "1999.11.03"]
[Round "?"]
[White "Hossa"]
[Black "Moron"]
[Result "0-1"]
[WhiteElo "2414"]
[BlackElo "2838"]
[PlyCount "91"]
[EventDate "1999.??.??"]

1. e4 c6 2. Nf3 d5 3. exd5 cxd5 4. d4 Nc6 5. c3 Nf6 6. Bd3 Bg4 7. O-O e6 8. Be3
Qb6 9. b3 Bd6 10. Nbd2 Rc8 11. Bg5 Qc7 12. Qb1 Bxf3 13. Nxf3 Ng4 14. g3 h6 15.
Bd2 O-O 16. Re1 Rfe8 17. Qc2 Nb4 18. Bh7+ Kh8 19. Qb1 Nf6 20. a3 Na2 21. Rxa2
Nxh7 22. Qd3 Nf6 23. Qb5 Ne4 24. Re3 f5 25. Ra1 f4 26. Rd3 a6 27. Qa4 fxg3 28.
fxg3 b5 29. Qxa6 Ra8 30. Qxb5 Reb8 31. Qxb8+ Rxb8 32. b4 Bxg3 33. Be1 Qc4 34.
Bxg3 Qxd3 35. Bxb8 Qe3+ 36. Kg2 Qe2+ 37. Kg1 Qf2+ 38. Kh1 Qxf3+ 39. Kg1 Ng5 40.
h4 Qxc3 41. Ra2 Qxd4+ 42. Kg2 Qg4+ 43. Kf1 Qxh4 44. Kg2 Qe4+ 45. Kf2 e5 46. Kg3
{Hossa resigns} 0-1

[Event "ICS unrated blitz match"]
[Site "204.178.125.65"]
[Date "1999.11.03"]
[Round "?"]
[White "Moron"]
[Black "Hossa"]
[Result "1-0"]
[WhiteElo "2838"]
[BlackElo "2414"]
[PlyCount "134"]
[EventDate "1999.??.??"]

1. d4 d5 2. Nf3 c6 3. c4 Nf6 4. Nc3 dxc4 5. a4 c5 6. d5 e6 7. e4 Nxe4 8. Nxe4
exd5 9. Nc3 Be6 10. Ng5 Nc6 11. a5 Nd4 12. Nxe6 fxe6 13. Be3 Bd6 14. a6 b6 15.
Bxd4 cxd4 16. Qxd4 O-O 17. f3 Qg5 18. Rd1 Bxh2 19. Ne2 Be5 20. Qd2 Qf5 21. Nd4
Bg3+ 22. Ke2 Qg6 23. Qc2 Qxc2+ 24. Nxc2 Rad8 25. Nd4 Rd6 26. Rh3 Be5 27. Nb5
Rd7 28. Ke3 Bxb2 29. Bxc4 h6 30. Bd3 Rb8 31. Nd4 Bxd4+ 32. Kxd4 Kf7 33. Rc1 b5
34. Rc6 b4 35. Rh4 b3 36. Rf4+ Kg8 37. Ke5 b2 38. Bb1 Re7 39. g3 h5 40. Rh4 Rf7
41. f4 Rb5 42. Rxe6 Rd7 43. Kd4 Rb4+ 44. Kc3 Rb5 45. Rc6 d4+ 46. Kc4 Ra5 47.
Kb3 d3 48. Rh1 d2 49. Rd1 Rb5+ 50. Kc3 Rb8 51. Rxd2 Rxd2 52. Kxd2 Rb3 53. Rc8+
Kf7 54. Rc3 Rb6 55. Rc7+ Kf6 56. Rxa7 Rc6 57. Ra8 Rd6+ 58. Kc2 h4 59. Rf8+ Ke7
60. a7 Rc6+ 61. Kxb2 Rb6+ 62. Kc3 Ra6 63. a8=Q Rxa8 64. Rxa8 hxg3 65. Be4 Kf7
66. Ra7+ Kf6 67. f5 67... g6 {Hossa resigns} 1-0

[Event "ICS Rated blitz match"]
[Site "204.178.125.65"]
[Date "1999.11.03"]
[Round "?"]
[White "Hossa"]
[Black "jessv"]
[Result "1-0"]
[WhiteElo "2411"]
[BlackElo "2357"]
[PlyCount "123"]
[EventDate "1999.??.??"]

1. e4 Nf6 2. Nc3 d6 3. d4 g6 4. Nf3 Bg7 5. Bb5+ c6 6. Be2 O-O 7. Bg5 h6 8. Be3
Bg4 9. h3 Bxf3 10. Bxf3 e6 11. Qd2 Kh7 12. O-O-O b5 13. h4 Qa5 14. h5 g5 15. e5
dxe5 16. dxe5 Nd5 17. Bc5 Re8 18. Nxd5 Qxd2+ 19. Rxd2 cxd5 20. Bd6 Nc6 21. Re1
Rad8 22. Be2 a6 23. a4 Bxe5 24. Bd3+ Kg8 25. Bxe5 Nxe5 26. Rxe5 Rb8 27. axb5
axb5 28. Rde2 Rec8 29. Kd2 Rc5 30. Ke3 Rb6 31. Kd4 Rc7 32. Rd2 f6 33. Re3 Rd7
34. Kc5 Rdb7 35. Rde2 Kf7 36. Bg6+ Ke7 37. Bf5 e5 38. Kxd5 Rd6+ 39. Kc5 b4 40.
c3 b3 41. Rd3 Ra6 42. c4 Ra5+ 43. Kc6 Rb8 44. c5 Rba8 45. Rxb3 R8a6+ 46. Rb6
Ra7 47. Kd5 Rc7 48. Re6+ Kf7 49. b4 Rb5 50. Bg6+ Kg7 51. Kc4 Rb8 52. Re8 Rxe8
53. Bxe8 Kf8 54. Bg6 Ke7 55. b5 Ra7 56. b6 Ra1 57. b7 Rb1 58. Bxb1 Kd7 59. b8=Q
Ke7 60. Qb7+ Kd8 61. Bg6 e4 62. Rd2# {jessv checkmated} 1-0

[Event "ICS Unrated blitz match"]
[Site "204.178.125.65"]
[Date "1999.11.03"]
[Round "?"]
[White "Hossa"]
[Black "Moron"]
[Result "0-1"]
[WhiteElo "2419"]
[BlackElo "2838"]
[PlyCount "116"]
[EventDate "1999.??.??"]

1. e4 c5 2. c3 d5 3. exd5 Qxd5 4. d4 e6 5. Nf3 Nf6 6. Bd3 Be7 7. O-O O-O 8. Be3
Rd8 9. Nbd2 Nc6 10. Bc4 Qf5 11. Qb3 b6 12. Rfe1 Na5 13. Qb5 Bd7 14. Qa6 Nxc4
15. Qxc4 Nd5 16. Ne5 cxd4 17. cxd4 Rac8 18. Qa6 Qc2 19. Ndf3 Qa4 20. Qxa4 Bxa4
21. b3 Be8 22. Rac1 Bb4 23. Red1 Nc3 24. Rd2 Bb5 25. a3 Bxa3 26. Ra1 Bd6 27.
Rxa7 Bxe5 28. Nxe5 Ne2+ 29. Rxe2 Bxe2 30. Nxf7 Rxd4 31. h3 Rb4 32. Ng5 Re8 33.
Rb7 h6 34. Nf7 b5 35. Kh2 Bd3 36. f3 Ra8 37. Nd6 Rd8 38. Bc5 Rxb3 39. h4 Bf1
40. Kg1 Bc4 41. Kh2 Bf1 42. Kg1 Rb1 43. Kf2 Ra8 44. g3 Rb2+ 45. Kg1 e5 46. Bf2
Be2 47. Kg2 Bd3 48. Ne4 Bxe4 49. fxe4 Raa2 50. Kh3 h5 51. Bg1 Rb1 52. Ra7 Re2
53. Bh2 Rh1 54. Ra8+ Kh7 55. Rh8+ Kxh8 56. g4 Rhxh2+ 57. Kg3 Rhg2+ 58. Kh3
58... hxg4# {Hossa checkmated} 0-1

[Event "ICS rated blitz match"]
[Site "204.178.125.65"]
[Date "1999.11.03"]
[Round "?"]
[White "Skeletor"]
[Black "Hossa"]
[Result "1-0"]
[WhiteElo "2651"]
[BlackElo "2425"]
[PlyCount "83"]
[EventDate "1999.??.??"]

1. e4 c5 2. Nf3 d6 3. d4 cxd4 4. Nxd4 Nf6 5. Nc3 a6 6. Bg5 e6 7. f4 Be7 8. Qf3
Qc7 9. O-O-O Nbd7 10. g4 h6 11. Bxf6 Bxf6 12. h4 Qc5 13. Qd3 O-O 14. g5 Bxd4
15. Qxd4 hxg5 16. hxg5 Qxd4 17. Rxd4 e5 18. Rxd6 Nc5 19. Nd5 Re8 20. Nc7 Be6
21. Rd2 f6 22. Nxa8 Rxa8 23. gxf6 Nxe4 24. Rdh2 Kf7 25. fxe5 gxf6 26. Rh7+ Kg6
27. Bd3 Bf5 28. Rxb7 Nc5 29. Rg1+ Kh6 30. Rbg7 Nxd3+ 31. cxd3 Rc8+ 32. Kd2 Rd8
33. exf6 Rxd3+ 34. Ke2 Rh3 35. f7 Bd3+ 36. Kf2 Rh2+ 37. R7g2 Rxg2+ 38. Rxg2 Kh7
39. f8=Q Bg6 40. Rh2+ Bh5 41. Qf7+ Kh8 42. Rxh5# {Hossa checkmated} 1-0

[Event "ICS rated blitz match"]
[Site "204.178.125.65"]
[Date "1999.11.03"]
[Round "?"]
[White "Galaad"]
[Black "Hossa"]
[Result "0-1"]
[WhiteElo "2037"]
[BlackElo "2412"]
[PlyCount "110"]
[EventDate "1999.??.??"]

1. Nf3 Nf6 2. g3 g6 3. d4 d5 4. Bg2 Bg7 5. O-O O-O 6. Nbd2 Nc6 7. c3 Re8 8. Re1
e5 9. dxe5 Nxe5 10. Nxe5 Rxe5 11. Nf3 Re8 12. Bg5 Bg4 13. e3 Qd7 14. Bxf6 Bxf6
15. Qd2 c6 16. Rac1 Bh3 17. Bh1 Qg4 18. Qd1 Rad8 19. Nd4 Qg5 20. Nf3 Qh5 21.
Nd4 Qh6 22. Qf3 Bg5 23. Ra1 Re4 24. Qe2 Re7 25. Qf3 Rd6 26. Qe2 Bf6 27. Qf3 Bg7
28. Qe2 Rd8 29. Qf3 Re4 30. Qe2 Re5 31. Qf3 c5 32. Nc2 Rd6 33. Qe2 Rb6 34. b3
Rh5 35. f4 Bxc3 36. Bf3 Bxa1 37. Rxa1 Bf5 38. Rc1 Rh3 39. Ne1 Be4 40. Bxe4 dxe4
41. Rxc5 Rc6 42. Rxc6 bxc6 43. Qc2 Qh5 44. a3 Qd5 45. b4 a5 46. bxa5 Qxa5 47.
Qe2 Qxa3 48. Kg2 Rh5 49. Nc2 Qd3 50. Qxd3 exd3 51. g4 Rxh2+ 52. Kxh2 dxc2 53.
Kg3 c1=Q 54. Kf3 Qd1+ 55. Ke4 55... Qd5# {Galaad checkmated} 0-1

[Event "ICS rated blitz match"]
[Site "204.178.125.65"]
[Date "1999.11.03"]
[Round "?"]
[White "Hossa"]
[Black "Galaad"]
[Result "1-0"]
[WhiteElo "2415"]
[BlackElo "2034"]
[PlyCount "51"]
[EventDate "1999.??.??"]

1. e4 c6 2. d4 d5 3. Nc3 dxe4 4. Nxe4 Bf5 5. Ng3 Bg6 6. Nf3 Nf6 7. Nh4 e6 8.
Nxg6 hxg6 9. c3 Bd6 10. Be2 Nbd7 11. Bd3 Qc7 12. O-O Nh5 13. c4 Nxg3 14. fxg3
Nf6 15. Bg5 Bxg3 16. hxg3 Qxg3 17. Bxf6 gxf6 18. Qf3 Qh4 19. Qxf6 g5 20. Qxf7+
Kd8 21. Qf6+ Kc7 22. Qe7+ Kb8 23. Qd6+ Kc8 24. Qxe6+ Kb8 25. Qd6+ Kc8 26. Bf5#
{Galaad checkmated} 1-0

[Event "ICS rated blitz match"]
[Site "204.178.125.65"]
[Date "1999.11.03"]
[Round "?"]
[White "Hossa"]
[Black "brutus"]
[Result "1-0"]
[WhiteElo "2418"]
[BlackElo "2200"]
[PlyCount "71"]
[EventDate "1999.??.??"]

1. e4 e6 2. d4 d5 3. Nc3 Nf6 4. Bd3 c5 5. exd5 Nxd5 6. Nxd5 Qxd5 7. Nf3 cxd4 8.
O-O Nc6 9. Re1 Be7 10. Be4 Qd7 11. Re2 O-O 12. Bf4 Bf6 13. Rd2 e5 14. Bxc6 Qxc6
15. Bxe5 Bg4 16. Bxd4 Bxf3 17. Qxf3 Qxf3 18. gxf3 Bxd4 19. Rxd4 Rac8 20. c3 h6
21. Rd7 Rb8 22. Re1 a5 23. Ree7 b5 24. Ra7 a4 25. f4 Rb6 26. Kg2 Rf6 27. Rab7
Rf5 28. Re5 Rxf4 29. Rexb5 Rd8 30. Rb8 Rxb8 31. Rxb8+ Kh7 32. Rb4 Rxb4 33. cxb4
Kg6 34. b5 Kf6 35. b6 Ke6 36. b7 {brutus resigns} 1-0

[Event "ICS rated blitz match"]
[Site "204.178.125.65"]
[Date "1999.11.03"]
[Round "?"]
[White "brutus"]
[Black "Hossa"]
[Result "0-1"]
[WhiteElo "2193"]
[BlackElo "2425"]
[PlyCount "86"]
[EventDate "1999.??.??"]

1. e4 e5 2. Nf3 Nc6 3. Bb5 a6 4. Ba4 Nf6 5. Qe2 b5 6. Bb3 Bc5 7. c3 O-O 8. d3
d6 9. Bg5 Be6 10. Bc2 d5 11. Nbd2 Re8 12. Nf1 dxe4 13. dxe4 Bc4 14. Qd2 Qe7 15.
Ne3 Bxe3 16. Qxe3 Ng4 17. Bxe7 Nxe3 18. fxe3 Rxe7 19. Bb3 Bxb3 20. axb3 Rd7 21.
Ke2 a5 22. Rhd1 Rad8 23. Rxd7 Rxd7 24. Rd1 Rxd1 25. Kxd1 f6 26. Nd2 Nd8 27. Kc2
Ne6 28. Kd3 Nc5+ 29. Ke2 h5 30. Kf3 Nd3 31. b4 axb4 32. cxb4 Nxb2 33. Ke2 Na4
34. Kd3 Kf8 35. Nb3 Ke7 36. Kc2 Kd6 37. Kd3 c5 38. bxc5+ Nxc5+ 39. Nxc5 Kxc5
40. Kc3 b4+ 41. Kb3 h4 42. g3 h3 43. g4 43... Kb5 {brutus resigns} 0-1

[Event "ICS rated blitz match"]
[Site "204.178.125.65"]
[Date "1999.11.03"]
[Round "?"]
[White "Hossa"]
[Black "brutus"]
[Result "1-0"]
[WhiteElo "2432"]
[BlackElo "2186"]
[PlyCount "33"]
[EventDate "1999.??.??"]

1. e4 e6 2. d4 d5 3. Nc3 Nf6 4. Bd3 c5 5. exd5 Nxd5 6. Nxd5 Qxd5 7. Nf3 cxd4 8.
O-O Nc6 9. Re1 Bc5 10. Ng5 h6 11. Qh5 O-O 12. Bh7+ Kh8 13. Be4 Qd7 14. Nh7 Rd8
15. Bxh6 gxh6 16. Qxh6 Bf8 17. Nxf8+ {brutus resigns} 1-0

[Event "ICS rated blitz match"]
[Site "204.178.125.65"]
[Date "1999.11.03"]
[Round "?"]
[White "frajola"]
[Black "Hossa"]
[Result "0-1"]
[WhiteElo "2146"]
[BlackElo "2438"]
[PlyCount "90"]
[EventDate "1999.??.??"]

1. e4 e5 2. Nf3 Nc6 3. Bb5 a6 4. Ba4 Nf6 5. O-O d6 6. Re1 b5 7. Bb3 Na5 8. d4
Nxb3 9. axb3 Bb7 10. dxe5 dxe5 11. Qxd8+ Rxd8 12. Bg5 Bd6 13. Nc3 c6 14. Bxf6
gxf6 15. Nh4 b4 16. Ne2 c5 17. Ng3 Bf8 18. Rad1 Rxd1 19. Rxd1 h5 20. Ngf5 Bxe4
21. Nd6+ Bxd6 22. Rxd6 Ke7 23. Rxa6 Rd8 24. f3 Bxc2 25. Rc6 Rd1+ 26. Kf2 Rb1
27. Rxc5 Rxb2 28. Kg3 Bxb3 29. Nf5+ Kd7 30. Rb5 Be6 31. Ne3 Re2 32. Nd1 Bb3 33.
Nf2 h4+ 34. Kxh4 Rxf2 35. Kg3 Rb2 36. Rxb4 f5 37. h4 f4+ 38. Kh2 Ke6 39. Rb6+
Kf5 40. h5 f6 41. Rb8 Kg5 42. Rh8 e4 43. fxe4 f3 44. Kg1 f2+ 45. Kh2 45... f1=Q
{frajola resigns} 0-1

[Event "ICS rated blitz match"]
[Site "204.178.125.65"]
[Date "1999.11.03"]
[Round "?"]
[White "EXchess"]
[Black "Hossa"]
[Result "1/2-1/2"]
[WhiteElo "2446"]
[BlackElo "2443"]
[PlyCount "100"]
[EventDate "1999.??.??"]

1. e4 e5 2. Nf3 Nc6 3. Bb5 a6 4. Ba4 Nf6 5. O-O d6 6. Re1 b5 7. Bb3 Na5 8. d4
Nxb3 9. axb3 Bb7 10. dxe5 dxe5 11. Qxd8+ Rxd8 12. Bg5 Bd6 13. Nc3 c6 14. Red1
O-O 15. Rd3 Bc7 16. Rxd8 Rxd8 17. b4 Ra8 18. Bxf6 gxf6 19. Ne1 a5 20. bxa5 Bxa5
21. Nd3 Bd8 22. Rxa8 Bxa8 23. g4 Be7 24. b4 Bd6 25. h4 Bb7 26. Kg2 Bc8 27. Kg3
Be6 28. Nd1 Bc4 29. Nc5 Bxc5 30. bxc5 b4 31. Ne3 Be6 32. h5 Kg7 33. Nf5+ Bxf5
34. exf5 Kh6 35. f4 exf4+ 36. Kxf4 Kg7 37. Kf3 Kh6 38. Kf2 Kg5 39. Kg3 Kh6 40.
Kh4 Kg7 41. g5 fxg5+ 42. Kxg5 f6+ 43. Kg4 Kh6 44. Kh4 Kg7 45. Kg3 Kh6 46. Kg4
Kg7 47. Kf4 Kh6 48. Kg4 Kg7 49. Kf3 Kh6 50. Kg4 50... Kg7 {
Game drawn by repetition} 1/2-1/2

[Event "ICS rated blitz match"]
[Site "204.178.125.65"]
[Date "1999.11.03"]
[Round "?"]
[White "Hossa"]
[Black "EXchess"]
[Result "1-0"]
[WhiteElo "2443"]
[BlackElo "2446"]
[PlyCount "139"]
[EventDate "1999.??.??"]

1. e4 e5 2. Nf3 Nc6 3. d4 exd4 4. Nxd4 Nf6 5. Nxc6 bxc6 6. e5 Qe7 7. Qe2 Nd5 8.
c4 Ba6 9. Nd2 Nf4 10. Qe4 Ng6 11. f4 O-O-O 12. b4 Qxb4 13. Rb1 Qa5 14. Bd3 Bc5
15. Kf1 Qxa2 16. g3 Rhe8 17. Kg2 Bb7 18. Rb2 Qa6 19. Qf3 d6 20. Ne4 Bd4 21. c5
Qa1 22. Qe2 Bxb2 23. Bxb2 Qa2 24. Bc4 Qa4 25. Ra1 Qxa1 26. Bxa1 d5 27. Bb3 dxe4
28. Bxf7 Re7 29. Bc4 Nf8 30. Qxe4 Red7 31. Bc3 g6 32. e6 Re7 33. Bf6 Rd2+ 34.
Kh3 Re8 35. Bg7 Nxe6 36. Bxe6+ Kb8 37. g4 Red8 38. Bc4 R2d7 39. Bf6 Rf8 40. Qe6
Kc8 41. Be2 a6 42. Kg2 Rxf6 43. Qxf6 Kb8 44. Kg3 Ka7 45. Bf3 Ba8 46. f5 gxf5
47. gxf5 h5 48. Bxc6 Rd3+ 49. Kh4 Bb7 50. Bxb7 Kxb7 51. c6+ Kb6 52. Qb2+ Kc5
53. f6 Rd8 54. f7 a5 55. Qf6 Rb8 56. f8=Q+ Rxf8 57. Qxf8+ Kxc6 58. Kxh5 Kb7 59.
Qc5 a4 60. Qb5+ Kc8 61. Qxa4 Kb7 62. Qd7 Kb6 63. Qxc7+ Kxc7 64. h4 Kd6 65. Kh6
Ke6 66. Kg7 Kf5 67. h5 Ke6 68. h6 Kf5 69. h7 Ke6 70. h8=Q {EXchess resigns} 1-0